Organizational Behavior (Record no. 22018)

MARC details
000 -LEADER
fixed length control field 00610nam a22002057a 4500
003 - CONTROL NUMBER IDENTIFIER
control field OSt
005 - DATE AND TIME OF LATEST TRANSACTION
control field 20260512163713.0
008 - FIXED-LENGTH DATA ELEMENTS--GENERAL INFORMATION
fixed length control field 260512b |||||||| |||| 00| 0 eng d
020 ## - INTERNATIONAL STANDARD BOOK NUMBER
International Standard Book Number 9780133507645
040 ## - CATALOGING SOURCE
Transcribing agency Chuka University Library
050 ## - LIBRARY OF CONGRESS CALL NUMBER
Classification number HD 58.7 .R62 2015 C.1
100 ## - MAIN ENTRY--PERSONAL NAME
Personal name Robbins P. Stephens
9 (RLIN) 24385
245 ## - TITLE STATEMENT
Title Organizational Behavior
250 ## - EDITION STATEMENT
Edition statement 16th
260 ## - PUBLICATION, DISTRIBUTION, ETC.
Place of publication, distribution, etc. New York
Name of publisher, distributor, etc. Pearson Education
Date of publication, distribution, etc. 2015
300 ## - PHYSICAL DESCRIPTION
Extent Various Paging
Other physical details Coloured Illustrations
650 ## - SUBJECT ADDED ENTRY--TOPICAL TERM
Source of heading or term Organizational Behavior. I. Judge,Tim. II. Title.
700 ## - ADDED ENTRY--PERSONAL NAME
Personal name Timothy A. Judge
9 (RLIN) 24386
942 ## - ADDED ENTRY ELEMENTS (KOHA)
Source of classification or shelving scheme Library of Congress Classification
Koha item type Long Loan Books
Edition 16th
Suppress in OPAC No
Holdings
Withdrawn status Lost status Source of classification or shelving scheme Damaged status Not for loan Collection Home library Current library Shelving location Date acquired Total Checkouts Full call number Barcode Date last seen Cost, replacement price Price effective from Koha item type
    Library of Congress Classification     General Collection Books Main Campus Library Main Campus Library General Stacks 12/05/2026   HD 58.7 .R62 2015 C.1 27057/2025 12/05/2026 24027.00 12/05/2026 Long Loan Books

Powered by Koha